000 00425cam a2200157ua 4500
041 _aeng
_h
082 _a828.09
_bSTE/EN
100 _aStephen, Leslie .
245 _aEnglish literature and society in the 18th Century /
_cLeslie Stephen.
_hTextual Documents
250 _a1 /
_b.
260 _aLondon :
_bGerald Duckworth and Co. Ltd. ,
_c1955.
300 _a224 ; .
504 _a
942 _cBK
999 _c6528
_d6528